00987nam a2200277 i 4500001000700000003000900007005001700016008004100033015001000074017005100084020001800135035002100153035001300174040002900187080002200216245014000238260004000378300002100418490001400439600004700453650002300500700005500523700003600578830001600614852007900630195736ES-MaACL20251223201849.024 s2016 sp | |||| 000 0 spa  aMON16 aZ 1155-2016bOficina Depósito Legal Zaragoza a9788494351143 a(OCoLC)992765661 aa5930321 aSpMaBNbspacSpMaBNerdc a1 Deleuze, Gilles03aEl efecto Deleuze /cJosé Luis Rodríguez García, Beatriz Elena Acosta, Juan Diego Parra ... [et al.] ; Luis Arenas (coordinador). aZaragoza :bErial Ediciones,c2016. a269 p. :c19 cm.1 aCrisisv1 0aDeleuze, Gilles, d1925-1995- xInfluencia 7aFilosofía2embne0 aRodríguez García, José Luis,d1949-2022eaut aArenas, Luis, d1969-4pbdeaut aCrisis ;v1 aES-MaACLcDEPOJjN-8743hDonación: EditorialxEncuadernación rústica